LEADER 00985nam0 2200277 450 001 000007048 005 20170202104144.0 010 $a88-14-09993-6 100 $a20060404d2003----km-y0itay50------ba 101 0 $aita 102 $aIT 105 $ay-------001yy 200 1 $aDiritto alla riservatezza e circolazione dei dati personali$fa cura di Roberto Pardolesi 210 $aMilano$cGiuffr?$d2003 215 $a2 v.$d24 cm 225 2 $aDiritto dell'informatica$v0018 410 0$12001$aDiritto dell'informatica$v0018 500 10$aDiritto alla riservatezza e circolazione dei dati personali$9254132 676 $a342.450858$v20$9Diritto alla riservatezza. Italia 702 1$aPardolesi,$bRoberto 801 0$aIT$bUNIPARTHENOPE$c20060404$gRICA$2UNIMARC 912 $a000007048 951 $a342-D/42 (1)$b36476 (1)$cNAVA1$d2017 951 $a342-D/42 (2)$b36476 (2)$cNAVA1 996 $aDiritto alla riservatezza e circolazione dei dati personali$9254132 997 $aUNIPARTHENOPE